[Event "John hamer"]
[Site "SchemingMind.com"]
[Date "2016.01.08"]
[Round "-"]
[White "Quaff"]
[Black "kenneth m day"]
[Result "0-1"]
[WhiteCountry "ENG"]
[BlackCountry "USA"]
[WhiteElo "1610"]
[WhiteRD "71"]
[BlackElo "1702"]
[BlackRD "51"]
[GameID "393467"]

1. e4 e5 2. Nf3 Nc6 3. Bc4 Bc5 4. c3 Nf6 5. d3 a6 6. a3 d6 7. h3 O-O 8. Bg5 Bd7 9. Qc1 b5 10. Ba2 Be6
11. Nh2 Qe7 12. O-O Rad8 13. b4 Bb6 14. Kh1 h6 15. Bh4 Kh7 16. f4 exf4 17. Rxf4 Ne5 18. Qd2 Ng6 19. Bxf6 gxf6 20. Rf1 Rg8
21. d4 Rg7 22. Qd3 c5 23. bxc5 dxc5 24. d5 Ne5 25. Qe2 Bd7 26. Nd2 Qd6 27. Qf2 Rg6 28. Bb1 Rdg8 29. Rg1 c4 30. Qe2 Bxg1
31. Kxg1 Bxh3
0-1

[Event "John hamer"]
[Site "SchemingMind.com"]
[Date "2016.01.08"]
[Round "-"]
[White "kenneth m day"]
[Black "Quaff"]
[Result "0-1"]
[WhiteCountry "USA"]
[BlackCountry "ENG"]
[WhiteElo "1702"]
[WhiteRD "51"]
[BlackElo "1610"]
[BlackRD "71"]
[GameID "393468"]

1. e4 e5 2. Nf3 d6 3. d4 exd4 4. c3 dxc3 5. Nxc3 h6 6. Bc4 Be7 7. O-O Nf6 8. Re1 Bg4 9. h3 Bh5 10. e5 Bxf3
11. Qxf3 dxe5 12. Rxe5 c6 13. Bf4 Nbd7 14. Re2 O-O 15. Qg3 Kh8 16. Rae1 Bb4 17. a3 Bxc3 18. bxc3 Nh5 19. Bc7 Nxg3 20. Bxd8 Nxe2+
21. Rxe2 Raxd8 22. g4 Nb6
0-1

[Event "John hamer"]
[Site "SchemingMind.com"]
[Date "2016.01.12"]
[Round "-"]
[White "Phillip Beckett"]
[Black "emvarela"]
[Result "1/2-1/2"]
[WhiteCountry "ENG"]
[BlackCountry "ARG"]
[WhiteElo "1570"]
[WhiteRD "50"]
[BlackElo "1720"]
[BlackRD "49"]
[GameID "393615"]

1. e4 e5 2. Nf3 Nc6 3. Bb5 a6 4. Bxc6 dxc6 5. d4 exd4 6. Qxd4 Qxd4 7. Nxd4 Bd6 8. Be3 Nf6 9. f3 Be5 10. c3 Bxd4
11. Bxd4 Ke7 12. Nd2 Rd8 13. O-O-O Be6 14. b3 b6 15. Kc2 c5 16. Be3 Rd7 17. Nb1 Rad8 18. Rxd7+ Rxd7 19. Rd1 Rxd1 20. Kxd1 Nd7
21. Ke2 b5 22. Nd2 h6 23. g3=
1/2-1/2

[Event "John hamer"]
[Site "SchemingMind.com"]
[Date "2016.01.12"]
[Round "-"]
[White "emvarela"]
[Black "Phillip Beckett"]
[Result "1-0"]
[WhiteCountry "ARG"]
[BlackCountry "ENG"]
[WhiteElo "1684"]
[WhiteRD "47"]
[BlackElo "1577"]
[BlackRD "47"]
[GameID "393616"]

1. e4 e5 2. Nf3 Nc6 3. Bb5 a6 4. Ba4 Nf6 5. O-O Be7 6. Re1 b5 7. Bb3 O-O 8. c3 d5 9. exd5 Nxd5 10. Nxe5 Nxe5
11. Rxe5 c6 12. d4 Bd6 13. Re1 Qh4 14. g3 Qh3 15. Be3 Bg4 16. Qd3 Rae8 17. Nd2 Re6 18. a4 f5 19. Bxd5 cxd5 20. axb5 f4
21. Rxa6 fxe3 22. Rxe3 Rxe3 23. Qxe3 Bb8 24. b6 Bc8 25. Ra1 Bf5 26. Qe1 Qh5 27. Nf1 Be4 28. Ne3 Rf3 29. Ra8 Rf8 30. Qd1 Bf3
31. Qf1 Be4 32. f4 g5 33. f5 Bf3 34. Qf2 g4 35. b7 Qf7 36. h3 Qg7 37. hxg4 Bxg4 38. Rxb8 Rxb8 39. Qf4 Rxb7 40. Qxg4 Qxg4
41. Nxg4 Rxb2 42. Nf6+ Kg7 43. Nxd5 Rb1+ 44. Kf2 Rb2+ 45. Kf3 Rb1 46. g4 Rb5 47. c4 Rb3+ 48. Ne3 Kf6 49. Kf4 Rd3 50. g5+ Kf7
51. Ke4 Rd2 52. d5 Re2 53. c5 Re1 54. c6 Ke7 55. f6+ Kf7 56. c7 Rc1 57. d6 Rc6 58. Kd5 Rc3 59. Nf5 Rd3+ 60. Nd4 Rc3
61. d7
1-0

[Event "John hamer"]
[Site "SchemingMind.com"]
[Date "2016.02.01"]
[Round "-"]
[White "nikephoros"]
[Black "Wojtek26"]
[Result "0-1"]
[WhiteCountry "IND"]
[BlackCountry "POL"]
[WhiteElo "1592"]
[WhiteRD "123"]
[BlackElo "1540"]
[BlackRD "62"]
[GameID "394869"]

1. e4 e5 2. Nf3 Nf6 3. Nxe5 d6 4. Nf3 Nxe4 5. Nc3 Nxc3 6. dxc3 Be7 7. Bb5+ Bd7 8. Bxd7+ Nxd7 9. O-O O-O 10. Re1 Bf6
11. Bf4 Re8 12. Qd3 Nc5 13. Qb5 a6
0-1

[Event "John hamer"]
[Site "SchemingMind.com"]
[Date "2016.02.02"]
[Round "-"]
[White "Wojtek26"]
[Black "nikephoros"]
[Result "1-0"]
[WhiteCountry "POL"]
[BlackCountry "IND"]
[WhiteElo "1540"]
[WhiteRD "62"]
[BlackElo "1592"]
[BlackRD "123"]
[GameID "394870"]

1. d4 Nf6 2. c4 e6 3. Nf3 Bb4+ 4. Bd2 Be7 5. e3 O-O 6. Be2 c6 7. O-O d6 8. a3 Qc7 9. b4 c5 10. dxc5 dxc5
11. Qb3 b6 12. b5 Bb7 13. Nc3 Nbd7 14. Qc2
1-0

[Event "John hamer"]
[Site "SchemingMind.com"]
[Date "2016.02.21"]
[Round "-"]
[White "Simon Green"]
[Black "DANDYLIONHONEYBADGER"]
[Result "1-0"]
[WhiteCountry "ENG"]
[BlackCountry "USA"]
[WhiteElo "1621"]
[WhiteRD "55"]
[BlackElo "1309"]
[BlackRD "68"]
[GameID "395497"]

1. d4 d5 2. e3 c6 3. Bd3 g6 4. f4 e6 5. Nf3 f6 6. O-O Nd7 7. Nbd2 b5 8. c3 Bh6 9. Qe1 Qe7 10. b4 a5
11. Ba3 f5 12. Ne5 Bb7 13. Nb3 Nxe5 14. Qe2 Nxd3 15. Qxd3 Nf6 16. Nc5 Ba6 17. bxa5 g5 18. Nxa6 Rxa6 19. Bxe7 Kxe7 20. fxg5 Bxg5
21. Rfe1 Rxa5 22. Qd2 Ne4 23. Qb2 h6 24. Qb4+ Kf6 25. Qxa5 Bh4 26. Re2 h5 27. Qc7 Bf2+ 28. Rxf2 Nxf2 29. Qe5+ Ke7 30. Qxh8 f4
31. Kxf2 c5 32. a4 b4 33. a5 b3 34. a6 b2 35. Qh7+ Kd6 36. Rb1 cxd4 37. exd4
1-0

[Event "John hamer"]
[Site "SchemingMind.com"]
[Date "2016.02.21"]
[Round "-"]
[White "DANDYLIONHONEYBADGER"]
[Black "Simon Green"]
[Result "0-1"]
[WhiteCountry "USA"]
[BlackCountry "ENG"]
[WhiteElo "1309"]
[WhiteRD "68"]
[BlackElo "1621"]
[BlackRD "55"]
[GameID "395498"]

1. Nc3 e6 2. d3 d5 3. Nf3 Nf6 4. e4 c5 5. d4 c4 6. e5 Nfd7 7. Bg5 Be7 8. a3 Bxg5 9. h4 Be7 10. g3 O-O
11. Be2 Nc6 12. g4 a6 13. g5 g6 14. h5 Bxg5 15. Rg1 Bh6 16. Nh4 Qxh4 17. Kf1 Nxd4 18. Bg4 Nf5 19. Bxf5 exf5 20. Nxd5 Nxe5
21. Nf6+ Qxf6 22. hxg6 fxg6 23. Qd5+ Nf7 24. Re1 Qc6 25. Qxc6 bxc6 26. b3 Nd6 27. Rh1 Bd2 28. Re2 c3 29. f3 a5 30. Reh2 Ba6+
31. Kg2 f4 32. Rxh7 Nf5 33. Rh8+ Kf7 34. R8h7+ Kf6 35. Kf2 Rfe8 36. b4 Re2+ 37. Kf1 Ng3+ 38. Kg1 Be3#
0-1

[Event "John hamer"]
[Site "SchemingMind.com"]
[Date "2016.03.06"]
[Round "-"]
[White "Timaeus"]
[Black "Holty"]
[Result "0-1"]
[WhiteCountry "JPN"]
[BlackCountry "ENG"]
[WhiteElo "1377"]
[WhiteRD "70"]
[BlackElo "1775"]
[BlackRD "61"]
[GameID "396446"]

1. e4 e6 2. Nc3 d5 3. d4 Nf6 4. e5 Nfd7 5. Bf4 c5 6. b3 cxd4 7. Nce2 Nc6 8. Nxd4 Nxd4 9. Qxd4 Bc5 10. Qd3 O-O
11. Qg3 Qb6 12. Bh6 Bxf2+ 13. Qxf2 Qxf2+ 14. Kxf2 gxh6 15. Nf3 a6 16. Nd4 Nc5 17. Bd3 Nxd3+ 18. cxd3 Bd7 19. Rhf1 Rac8 20. Kg1 Rc3
21. Rf3 Rfc8 22. Raf1 Be8 23. Rg3+ Kf8 24. Nxe6+ Ke7 25. Ng7 Rc1 26. Nxe8 Rxf1+ 27. Kxf1 Rc1+ 28. Ke2 Kxe8 29. Rg8+ Ke7 30. Kd2 Rh1
31. h3 Rh2 32. Ke2 Rh1 33. d4 Ra1 34. a4 Rb1 35. Rg3 Ke6 36. Kd2 Rf1 37. Ke2 Rf5 38. Rg7 h5 39. Rxh7 Rg5 40. Rh6+ Rg6
41. Rxh5 Rxg2+ 42. Kd3 Rg3+ 43. Kc2 Rg2+ 44. Kc3 Rg3+ 45. Kc2 Rg2+ 46. Kc3 Rg3+ 47. Kb4 Rd3 48. Rh4 Kf5 49. Rh5+ Kg6 50. Rh4 Kg5
51. Rg4+ Kf5 52. Rh4 Kg5 53. Rh8 Rxd4+ 54. Kc5 Rd3 55. b4 Kf5 56. h4 Kxe5 57. h5 d4 58. h6 Rh3 59. Rh7 d3 60. Rxf7 Rxh6
61. Rxb7 Rd6 62. Rb6 Rxb6 63. Kxb6 d2 64. Kxa6 d1=Q 65. b5 Qxa4+
0-1

[Event "John hamer"]
[Site "SchemingMind.com"]
[Date "2016.03.07"]
[Round "-"]
[White "Holty"]
[Black "Timaeus"]
[Result "1-0"]
[WhiteCountry "ENG"]
[BlackCountry "JPN"]
[WhiteElo "1806"]
[WhiteRD "60"]
[BlackElo "1339"]
[BlackRD "70"]
[GameID "396447"]

1. d4 d5 2. Nf3 Nf6 3. e3 Bf5 4. c4 c5 5. Nc3 cxd4 6. Nxd4 Bg6 7. cxd5 Nxd5 8. Bb5+ Nd7 9. Nxd5 Qa5+ 10. Bd2 Qd8
11. Rc1 Be4 12. Nc7+ Qxc7 13. Rxc7
1-0

[Event "John hamer"]
[Site "SchemingMind.com"]
[Date "2016.03.06"]
[Round "-"]
[White "Wojtek26"]
[Black "redmike"]
[Result "0-1"]
[WhiteCountry "POL"]
[BlackCountry "SCO"]
[WhiteElo "1547"]
[WhiteRD "48"]
[BlackElo "2128"]
[BlackRD "76"]
[GameID "396448"]

1. d4 Nf6 2. c4 g6 3. e3 Bg7 4. Nf3 O-O 5. Be2 d6 6. O-O Nbd7 7. a3 e5 8. dxe5 dxe5 9. b4 c6 10. Bb2 Qc7
11. c5 Re8 12. Nbd2 Nf8 13. Bc4 Nd5 14. h4 Bg4 15. Bxd5 cxd5 16. Qb3 Rad8 17. Nh2 Be6 18. Qc3 d4 19. exd4 exd4 20. Qg3 Qxg3
21. fxg3 Bf5 22. Nhf3 Ne6 23. Rfe1 Nc7 24. Rxe8+ Rxe8 25. Bxd4 Re2 26. Bxg7 Kxg7 27. Re1 Rxe1+ 28. Nxe1 Kf6 29. Nc4 Be4 30. Nf3 h6
31. Nd6 Bc6 32. Nd4 Bd5 33. N4b5 Nxb5 34. Nxb5 a6 35. Nc3 Bc6 36. Kf2 Ke5 37. a4 Kd4 38. Na2 Bxa4 39. g4 Kc4 40. Ke3 Kb3
41. Nc1+ Kxb4 42. Nd3+ Kb5 43. Kd4 Bb3 44. Ne5 a5 45. g5 hxg5 46. hxg5 a4 47. Nd7 a3 48. Kc3 a2 49. Kb2 Kc6 50. Ne5+ Kxc5
51. Nxf7 Bxf7
0-1

[Event "John hamer"]
[Site "SchemingMind.com"]
[Date "2016.03.06"]
[Round "-"]
[White "redmike"]
[Black "Wojtek26"]
[Result "1-0"]
[WhiteCountry "SCO"]
[BlackCountry "POL"]
[WhiteElo "2125"]
[WhiteRD "73"]
[BlackElo "1578"]
[BlackRD "50"]
[GameID "396449"]

1. d4 d5 2. c4 dxc4 3. e3 e6 4. Bxc4 Nf6 5. Nf3 Bb4+ 6. Nc3 O-O 7. O-O b6 8. Qe2 Bxc3 9. bxc3 Bb7 10. Rd1 Qe7
11. a4 Ne4 12. Bd3 Nxc3 13. Qc2 Bxf3 14. gxf3 Nxd1 15. Qxd1 c5 16. Ba3 Qg5+ 17. Kh1 Nd7 18. Qc2 cxd4 19. Bxf8 Rxf8 20. Bxh7+ Kh8
21. Be4 Nf6 22. Rg1 Qh6 23. exd4 g6 24. Rg3 Kg7 25. Qc7 Rh8 26. Rxg6+ Qxg6 27. Bxg6 Kxg6 28. Qxa7 Nd5 29. Qa6 Nf4 30. Qxb6 Kf6
31. Qb5 Rh5 32. Qb8 Rg5 33. Qxf4+
1-0

[Event "John hamer"]
[Site "SchemingMind.com"]
[Date "2016.03.06"]
[Round "-"]
[White "kenneth m day"]
[Black "Stephen Woodhouse"]
[Result "0-1"]
[WhiteCountry "USA"]
[BlackCountry "ENG"]
[WhiteElo "1674"]
[WhiteRD "52"]
[BlackElo "1842"]
[BlackRD "51"]
[GameID "396450"]

1. e4 d5 2. exd5 Qxd5 3. Nc3 Qd6 4. d4 Nf6 5. Nf3 c6 6. Ne5 Nbd7 7. Bf4 Nxe5 8. dxe5 Qxd1+ 9. Rxd1 Nh5 10. Bg5 h6
11. Bh4 g5 12. Bg3 Bg7 13. Bc4 Bf5 14. Rd2 Nxg3 15. hxg3 Bxe5 16. Nd1 e6 17. b3 Bg4 18. Ne3 Bf5 19. Re2 Bc3+ 20. Kd1 O-O-O+
21. Kc1 Bg6 22. Ng4 h5 23. Ne5 Bxe5 24. Rxe5 Bf5 25. Ree1 Rd4 26. Rd1 Rxd1+ 27. Rxd1 Rd8 28. Rxd8+ Kxd8 29. Kd2 Ke7 30. c3 f6
31. a4 e5 32. f3 Be6 33. Kd3 Bxc4+ 34. Kxc4 Kd6 35. Kd3 Kd5 36. Ke3 f5 37. Kd3 e4+ 38. Ke3 Ke5 39. b4 f4+ 40. gxf4+ gxf4+
41. Ke2 e3 42. Kd3 b5 43. a5 a6 44. Ke2 Kd5 45. Kd3 h4 46. Kc2 Kc4
0-1

[Event "John hamer"]
[Site "SchemingMind.com"]
[Date "2016.03.06"]
[Round "-"]
[White "Stephen Woodhouse"]
[Black "kenneth m day"]
[Result "1-0"]
[WhiteCountry "ENG"]
[BlackCountry "USA"]
[WhiteElo "1824"]
[WhiteRD "49"]
[BlackElo "1701"]
[BlackRD "52"]
[GameID "396451"]

1. e4 e5 2. Nf3 Nc6 3. d4 exd4 4. Nxd4 Bc5 5. Be3 Qf6 6. c3 Nge7 7. Bc4 Ne5 8. Be2 Qg6 9. O-O Qxe4 10. Nb5 Qc6
11. Bxc5 Qxc5 12. Qd4 d6 13. Qxc5 dxc5 14. Nxc7+ Kd8 15. Nxa8 Bd7 16. Nd2 Kc8 17. Nc4 Nxc4 18. Bxc4 Kb8 19. Rfe1 Nc6 20. Rad1 Bf5
21. Bxf7 Kxa8 22. Re8+ Rxe8 23. Bxe8 a6 24. Rd5 Be6 25. Bxc6 bxc6 26. Rxc5
1-0

[Event "John hamer"]
[Site "SchemingMind.com"]
[Date "2016.03.06"]
[Round "-"]
[White "Daniel Dubé"]
[Black "frankly"]
[Result "0-1"]
[WhiteCountry "CAN"]
[BlackCountry "ENG"]
[WhiteElo "1708"]
[WhiteRD "241"]
[BlackElo "2439"]
[BlackRD "55"]
[GameID "396452"]

1. e4 e5 2. Nf3 Nc6 3. d4 exd4 4. Bc4 Bc5 5. c3 Nf6 6. cxd4 Bb4+ 7. Nc3 Nxe4 8. O-O Bxc3 9. d5 Bf6 10. dxc6 bxc6
11. Re1 O-O 12. Rxe4 d5 13. Re1 dxc4 14. Qxd8 Rxd8 15. Bf4 Bxb2 16. Bxc7 Bxa1 17. Bxd8 Be6
0-1

[Event "John hamer"]
[Site "SchemingMind.com"]
[Date "2016.03.06"]
[Round "-"]
[White "frankly"]
[Black "Daniel Dubé"]
[Result "1-0"]
[WhiteCountry "ENG"]
[BlackCountry "CAN"]
[WhiteElo "2439"]
[WhiteRD "55"]
[BlackElo "1708"]
[BlackRD "241"]
[GameID "396453"]

1. e4 c5 2. Nf3 Nc6 3. Bb5 g6 4. O-O Bg7 5. c3 e5 6. d4 cxd4 7. cxd4 Nxd4 8. Nxd4 exd4 9. Bf4 Ne7 10. Nd2 O-O
11. Bd6 Re8 12. Qb3 Nc6 13. Bc4 Na5 14. Bxf7+ Kh8 15. Qd5
1-0

[Event "John hamer"]
[Site "SchemingMind.com"]
[Date "2016.03.11"]
[Round "-"]
[White "clare1347"]
[Black "emvarela"]
[Result "1-0"]
[WhiteCountry "ENG"]
[BlackCountry "ARG"]
[WhiteElo "2340"]
[WhiteRD "90"]
[BlackElo "1658"]
[BlackRD "48"]
[GameID "396693"]

1. d4 Nf6 2. c4 g6 3. Nc3 Bg7 4. Nf3 d6 5. e3 O-O 6. Be2 c5 7. O-O a6 8. a3 cxd4 9. exd4 Nc6 10. d5 Na7
11. a4 e6 12. Qb3 exd5 13. Nxd5 Nxd5 14. cxd5 Qc7 15. Be3 Bd7 16. Ng5 h6 17. Ne4 b5 18. Qb4 bxa4 19. Bd4 Nb5 20. Bxg7 Kxg7
21. Rac1 Qb8 22. Rfe1 Bf5 23. Bxb5 Qxb5 24. Qd4+ Kh7 25. Nf6+
1-0

[Event "John hamer"]
[Site "SchemingMind.com"]
[Date "2016.03.11"]
[Round "-"]
[White "emvarela"]
[Black "clare1347"]
[Result "1-0"]
[WhiteCountry "ARG"]
[BlackCountry "ENG"]
[WhiteElo "1680"]
[WhiteRD "49"]
[BlackElo "2239"]
[BlackRD "83"]
[GameID "396694"]

1. e4 d5 2. exd5 Nf6 3. c4 e6 4. dxe6 Bxe6 5. Nc3 Nc6 6. Nf3 Qe7 7. d4 Bxc4+ 8. Be3 Bxf1 9. Kxf1 O-O-O 10. Qb3 Qb4
11. Qxb4 Nxb4 12. a3 Nbd5 13. Nxd5 Nxd5 14. Ne5 Bd6 15. Ke2 Nxe3 16. fxe3 Bxe5 17. dxe5 Rde8 18. Rhf1 Rhf8 19. Rac1 Rxe5 20. Rc3 f6
21. Rfc1 c6 22. b4 Rfe8 23. Kf3 a5 24. bxa5 Rxa5 25. e4 Ra4 26. Re1 Kc7 27. h4 f5 28. e5 Rxh4 29. e6 Re7 30. g3 Rh6
31. Rce3 b5 32. Kf4 Rf6 33. Re5 h6 34. Rxf5 g5+ 35. Kg4 Rfxe6 36. Ref1 Rd7 37. Rf6 Rxf6 38. Rxf6 Rd6 39. Rf3 c5 40. Rc3 Kb6
41. Kh5
1-0

[Event "John hamer"]
[Site "SchemingMind.com"]
[Date "2016.04.07"]
[Round "-"]
[White "Kenny Elliott"]
[Black "Stephen Woodhouse"]
[Result "0-1"]
[WhiteCountry "USA"]
[BlackCountry "ENG"]
[WhiteElo "1550"]
[WhiteRD "88"]
[BlackElo "1842"]
[BlackRD "51"]
[GameID "397727"]

1. d4 e6 2. e4 d5 3. exd5 exd5 4. Qe2+ Be7 5. Nc3 Nf6 6. Nf3 O-O 7. g3 Re8 8. Be3 Bg4 9. Bg2 Ne4 10. Qd3 Nxc3
11. Qxc3 c6 12. Qb3 b6 13. Ne5 Be6 14. O-O Qc7 15. Bf4 Bd6 16. Qe3 Nd7 17. a3 Bf5 18. c3 f6 19. b4 fxe5 20. dxe5 Bxe5
21. Bxe5 Qxe5 22. Qf3 Be4 23. Qg4 Bxg2 24. Kxg2 Qe4+ 25. Qxe4 Rxe4 26. Rae1 Rae8 27. Rd1 Ne5 28. Ra1 Nc4 29. a4 Re2 30. b5 Ne3+
31. Kg1 Nxf1 32. Kxf1 c5
0-1

[Event "John hamer"]
[Site "SchemingMind.com"]
[Date "2016.04.07"]
[Round "-"]
[White "Stephen Woodhouse"]
[Black "Kenny Elliott"]
[Result "1-0"]
[WhiteCountry "ENG"]
[BlackCountry "USA"]
[WhiteElo "1831"]
[WhiteRD "52"]
[BlackElo "1543"]
[BlackRD "89"]
[GameID "397728"]

1. e4 c5 2. c3 d6 3. d4 cxd4 4. cxd4 Nf6 5. Nc3 g6 6. Nf3 Bg4 7. Be2 Bg7 8. O-O O-O 9. h3 Bxf3 10. Bxf3 Nc6
11. Be3 a6 12. Qd2 Qc7 13. Rac1 e6 14. Rfd1 Rad8 15. Na4 Qe7 16. b4 b5 17. Rxc6 bxa4 18. Rxa6 Ra8 19. Rxa8 Rxa8 20. Bg5 e5
21. dxe5 dxe5 22. Qd6 Qxd6 23. Rxd6 Ne8 24. Rd8 Rxd8 25. Bxd8 Nd6 26. Be2 Nxe4 27. b5 Nc3 28. Kf1 Nxa2 29. b6 Nb4 30. b7 Nc6
31. Bb5 a3 32. Bxc6 a2 33. b8=Q a1=Q+ 34. Ke2 Qa2+ 35. Kf3 Qa3+ 36. Kg4 h5+ 37. Kh4 Qa4+ 38. Bxa4
1-0

[Event "John hamer"]
[Site "SchemingMind.com"]
[Date "2016.04.16"]
[Round "-"]
[White "Holty"]
[Black "redmike"]
[Result "1-0"]
[WhiteCountry "ENG"]
[BlackCountry "SCO"]
[WhiteElo "1819"]
[WhiteRD "61"]
[BlackElo "1907"]
[BlackRD "65"]
[GameID "398135"]

1. d4 Nf6 2. Nf3 g6 3. e3 Bg7 4. b3 O-O 5. Bb2 d5 6. Nbd2 c6 7. c4 Bg4 8. Be2 Nbd7 9. O-O e6 10. Rc1 Rc8
11. Re1 Re8 12. h3 Bxf3 13. Bxf3 e5 14. dxe5 Nxe5 15. Be2 Qb6 16. c5 Qc7 17. a4 a6 18. Nf3 Nxf3+ 19. Bxf3
1-0

[Event "John hamer"]
[Site "SchemingMind.com"]
[Date "2016.04.16"]
[Round "-"]
[White "redmike"]
[Black "Holty"]
[Result "1-0"]
[WhiteCountry "SCO"]
[BlackCountry "ENG"]
[WhiteElo "1907"]
[WhiteRD "65"]
[BlackElo "1819"]
[BlackRD "61"]
[GameID "398136"]

1. d4 d5 2. c4 c6 3. Nf3 Nf6 4. Qc2 Bg4 5. Ne5 Bh5 6. Bg5 Ne4 7. cxd5 Qb6 8. Be3 Nf6 9. dxc6 bxc6 10. g3 Nd5
11. Qf5 Qb4+ 12. Nd2 Qd6 13. Qxh5 g6 14. Qf3 f6 15. Nec4 Qc7 16. Bg2 Bg7 17. O-O O-O 18. Bf4 Qd7 19. Nb3 Na6 20. e4 Nxf4
21. gxf4 Rad8 22. Bh3 Qc7 23. Rac1 Bh6 24. Nca5 Nb8 25. Be6+ Kh8 26. Qh3 Bxf4 27. Rc3 Bd6 28. d5 Bb4 29. Rg3 Kg7 30. Nc4 Nd7
31. Ne3 Bd6 32. Nf5+ Kh8 33. Qxh7+
1-0

[Event "John hamer"]
[Site "SchemingMind.com"]
[Date "2016.05.04"]
[Round "-"]
[White "Simon Green"]
[Black "Chessibelle"]
[Result "1-0"]
[WhiteCountry "ENG"]
[BlackCountry "ENG"]
[WhiteElo "1621"]
[WhiteRD "55"]
[BlackElo "1180"]
[BlackRD "61"]
[GameID "398839"]

1. d4 d5 2. e3 Nf6 3. Bd3 Nc6 4. c3 Bd7 5. f4 h6 6. Nd2 Bg4 7. Ngf3 Bd7 8. O-O e6 9. Qe1 Bd6 10. Ne5 Qe7
11. Qg3 g6 12. Ndf3 O-O-O 13. a3 a6 14. b4 Na7 15. Bd2 Nb5 16. a4 Na7 17. Bxg6 Rhg8 18. Nh4 Ne4 19. Qe1 fxg6 20. Nexg6 Qg7
21. Qe2 Qf6 22. Rad1 b6 23. Qxa6+ Kb8 24. c4 Nxd2 25. Rxd2 Bxb4 26. Rb2 Ba5 27. c5 Bxa4 28. Qxa5 Bc6 29. cxb6 Kb7 30. Qxa7+ Kc8
31. Qxc7#
1-0

[Event "John hamer"]
[Site "SchemingMind.com"]
[Date "2016.05.04"]
[Round "-"]
[White "Chessibelle"]
[Black "Simon Green"]
[Result "0-1"]
[WhiteCountry "ENG"]
[BlackCountry "ENG"]
[WhiteElo "1180"]
[WhiteRD "61"]
[BlackElo "1621"]
[BlackRD "55"]
[GameID "398840"]

1. Nf3 e6 2. d4 d5 3. Nc3 Nf6 4. e3 c5 5. Bb5+ Bd7 6. Bd3 c4 7. Be2 Bb4 8. Bd2 Bxc3 9. Bxc3 O-O 10. O-O Nc6
11. Ne5 b5 12. b3 Nxe5 13. dxe5 Ne4 14. Bd4 Qe7 15. Qc1 f5 16. f3 Nc5 17. b4 Na4 18. f4 Qxb4 19. Rb1 Qe7 20. g3 Nc5
21. Qa3 Rfc8 22. Qc1 Ne4 23. Qb2 Nd2 24. Bh5 Nxf1 25. Rxf1 g6 26. Bf3 a5 27. c3 Rc7 28. Bg2 b4 29. e4 dxe4 30. Rd1 Rb7
31. a3 Ba4 32. Rd2 bxa3 33. Qc1 Rab8 34. Rd1 Bxd1 35. Bf1 Rb1 36. Qe3 a2 37. Bc5 Qd7 38. Bxc4 Bf3+ 39. Kf2 R8b2+ 40. Be2 Qd1
0-1

[Event "John hamer"]
[Site "SchemingMind.com"]
[Date "2016.05.19"]
[Round "-"]
[White "frankly"]
[Black "Simon Green"]
[Result "1-0"]
[WhiteCountry "ENG"]
[BlackCountry "ENG"]
[WhiteElo "2458"]
[WhiteRD "57"]
[BlackElo "1613"]
[BlackRD "61"]
[GameID "399264"]

1. e4 e6 2. d4 d5 3. Nc3 Nf6 4. Bg5 Be7 5. e5 Nfd7 6. h4 O-O 7. Bd3 f5 8. Nh3 Qe8 9. Nb5 Na6 10. h5 h6
11. Bxe7 Qxe7 12. Nf4 Qe8 13. c3 Nb6 14. Qe2 Bd7 15. Rg1 c6 16. Nd6 Qb8 17. Ng6 Rd8 18. g4 Nc8 19. gxf5 exf5 20. Nxf5 Bxf5
21. Bxf5 Qc7 22. Be6+ Kh7 23. Qd3 c5 24. Nf8+
1-0

[Event "John hamer"]
[Site "SchemingMind.com"]
[Date "2016.05.19"]
[Round "-"]
[White "Simon Green"]
[Black "frankly"]
[Result "0-1"]
[WhiteCountry "ENG"]
[BlackCountry "ENG"]
[WhiteElo "1613"]
[WhiteRD "61"]
[BlackElo "2458"]
[BlackRD "57"]
[GameID "399265"]

1. d4 Nf6 2. e3 g6 3. Bd3 Bg7 4. f4 d6 5. Nf3 O-O 6. O-O Nc6 7. Nbd2 Nb4 8. Qe2 c5 9. c3 Nxd3 10. Qxd3 cxd4
11. cxd4 Bf5 12. Qe2 Qb6 13. Nb3 Rfc8 14. Nfd2 Rc2 15. Qf3 a5 16. a4 Bg4 17. Qg3 Be6 18. Ra3 Rac8 19. e4 Rxc1 20. Rxc1 Rxc1+
21. Nxc1 Qxd4+ 22. Qe3 Qxb2 23. Qc3 Nxe4 24. Qxb2 Bxb2 25. Ra2 Bxc1 26. Nxe4 Bxa2
0-1

[Event "John hamer"]
[Site "SchemingMind.com"]
[Date "2016.05.27"]
[Round "-"]
[White "Scooter"]
[Black "emvarela"]
[Result "0-1"]
[WhiteCountry "USA"]
[BlackCountry "ARG"]
[WhiteElo "1761"]
[WhiteRD "49"]
[BlackElo "1652"]
[BlackRD "47"]
[GameID "399547"]

1. d4 Nf6 2. Bf4 e6 3. Nf3 d5 4. e3 Bd6 5. Bxd6 Qxd6 6. c3 Nc6 7. Bb5 a6 8. Bxc6+ bxc6 9. O-O h6 10. Nbd2 O-O
11. c4 c5 12. dxc5 Qxc5 13. cxd5 exd5 14. Rc1 Qd6 15. h3 c5 16. Nc4 Qe6 17. Na5 c4 18. Nd4 Qb6 19. b4 Qxb4 20. Nac6 Qc5
21. Ne5 Qd6 22. Ndf3 Rd8 23. Qe2 Nd7 24. Nxd7 Bxd7 25. Rfd1 Rac8 26. Rxc4 Bb5
0-1

[Event "John hamer"]
[Site "SchemingMind.com"]
[Date "2016.05.27"]
[Round "-"]
[White "emvarela"]
[Black "Scooter"]
[Result "0-1"]
[WhiteCountry "ARG"]
[BlackCountry "USA"]
[WhiteElo "1652"]
[WhiteRD "47"]
[BlackElo "1761"]
[BlackRD "49"]
[GameID "399548"]

1. c4 Nf6 2. d4 g6 3. Nc3 Bg7 4. e4 d6 5. Nf3 Bg4 6. Be3 O-O 7. Be2 Nbd7 8. O-O Bxf3 9. Bxf3 e5 10. d5 Re8
11. b4 Bf8 12. Be2 c6 13. Qd2 cxd5 14. cxd5 a6 15. a4 Rc8
0-1

[Event "John hamer"]
[Site "SchemingMind.com"]
[Date "2016.06.18"]
[Round "-"]
[White "Stephen Woodhouse"]
[Black "frankly"]
[Result "0-1"]
[WhiteCountry "ENG"]
[BlackCountry "ENG"]
[WhiteElo "1875"]
[WhiteRD "53"]
[BlackElo "2466"]
[BlackRD "57"]
[GameID "400542"]

1. e4 e5 2. Nf3 Nc6 3. d4 exd4 4. Nxd4 Nf6 5. Nc3 Bb4 6. Nxc6 bxc6 7. Bd3 d5 8. exd5 cxd5 9. O-O O-O 10. Bg5 c6
11. Qf3 Be7 12. Rae1 Re8 13. h3 Be6 14. Ne2 Nd7 15. Bxe7 Qxe7 16. Nd4 Qd6 17. Bf5 c5 18. Bxe6 fxe6 19. Nb5 Qb6 20. Nc3 Nf6
21. b3 Rac8 22. Na4 Qc7 23. Re3 d4 24. Re2 e5 25. Nb2 e4 26. Qg3 Qxg3 27. fxg3 e3 28. Rf5 Ne4 29. Kh2 Nc3 30. Re1 g6
31. Rg5 Nxa2 32. Kg1 Nb4 33. Re2 Re6 34. Nc4 Nxc2 35. Rxc2 e2
0-1

[Event "John hamer"]
[Site "SchemingMind.com"]
[Date "2016.06.18"]
[Round "-"]
[White "frankly"]
[Black "Stephen Woodhouse"]
[Result "1-0"]
[WhiteCountry "ENG"]
[BlackCountry "ENG"]
[WhiteElo "2466"]
[WhiteRD "57"]
[BlackElo "1875"]
[BlackRD "53"]
[GameID "400543"]

1. e4 e6 2. d4 d5 3. Nc3 Nf6 4. Bg5 dxe4 5. Nxe4 Be7 6. Bxf6 Bxf6 7. Nf3 O-O 8. Qd2 Nd7 9. O-O-O b6 10. Bd3 Bb7
11. h4 Qe7 12. Qf4 c5 13. Ne5 Bxe4 14. Qxe4 g6 15. Bb5 Nxe5 16. dxe5 Bg7 17. Rd7 Qe8 18. Bc6 Rc8 19. f4 f5 20. Qa4 Rf7
21. Rd6 Qe7 22. Bd7 Rd8 23. Rhd1 Kf8 24. Bxe6 Rxd6 25. Rxd6
1-0

[Event "John hamer"]
[Site "SchemingMind.com"]
[Date "2016.06.28"]
[Round "-"]
[White "Holty"]
[Black "emvarela"]
[Result "0-1"]
[WhiteCountry "ENG"]
[BlackCountry "ARG"]
[WhiteElo "1768"]
[WhiteRD "61"]
[BlackElo "1695"]
[BlackRD "48"]
[GameID "400824"]

1. d4 Nf6 2. Nf3 g6 3. e3 d5 4. Bd3 Bg7 5. a3 O-O 6. O-O Bg4 7. Nbd2 e6 8. c4 dxc4 9. Bxc4 Nbd7 10. Be2 Bxf3
11. Nxf3 c5 12. Bd3 cxd4 13. Nxd4 Nb6 14. b3 e5 15. Nc2 Qc7 16. Bb2 Rfd8 17. e4 Nxe4 18. Rc1 Nc3 19. Bxc3 Qxc3 20. Nb4 Qd4
21. Qe2 Rac8 22. Rfd1 Rxc1 23. Rxc1 a5 24. Na6 bxa6 25. Bxa6 Qd2 26. Qxd2 Rxd2 27. g3 Rb2 28. Rc3 e4 29. Rc6 Rxb3 30. Bc4 Nxc4
31. Rxc4 Rxa3 32. Rxe4 a4 33. Re8+ Bf8 34. Ra8 Kg7 35. Kf1 Ra1+ 36. Ke2 a3 37. h4 a2 38. Kd2 Rf1
0-1